| 000 | 03879nam0a2200445 4500 | ||
|---|---|---|---|
| 001 | RU\NLR\BIBL_A\016210728 | ||
| 005 | 20230329162014.0 | ||
| 010 |
_a978-5-93108-223-3 _9500 |
||
| 021 |
_aRU _bКН-П-22-070244 _9КН-П-22-6112 |
||
| 035 | _a(NLR Aleph) 016210728 | ||
| 035 | _a(RuMoRGB)011283605 | ||
| 090 |
_a12706263 _c12706263 |
||
| 100 | _a20221117d2022 k y0rusy50 ca | ||
| 101 | 0 | _arus | |
| 102 | _aRU | ||
| 105 | _aa z 000zy | ||
| 181 | 0 |
_ai3 _baxxe |
|
| 182 | 0 | _an | |
| 200 | 1 |
_aУгломерные двухпозиционные пассивные системы радиомониторинга воздушного базирования. Методы и алгоритмы оценивания и управления _fЧернов В. С., Верба В. С., Меркулов В. И. [и др.] _gпод редакцией члена-корреспондента РАН В. С. Вербы |
|
| 203 |
_aТекст _bвизуальный _cнепосредственный |
||
| 210 |
_aМосква _cРадиотехника _d2022 |
||
| 215 |
_a231 с. _cил. _d22 |
||
| 225 | 1 | _aНаучная серия "Системы мониторинга воздушного и космического пространства и земной поверхности" | |
| 300 | _aАвт. указаны на обороте тит. с. | ||
| 300 | _aНа 4-й с. обл. авт.: Верба В. С., чл.-кор. РАН, д-р техн. наук, проф., заслуж. деят. науки РФ, Меркулов В. И., д-р техн. наук, проф., заслуж. деят. науки РФ, Чернов В. С., канд. техн. наук, доц. [и др.] | ||
| 320 | _aБиблиогр.: с. 228-230 (32 назв.) и в конце гл. | ||
| 330 | _aРассмотрены теоретические основы синтеза и анализа угломерных двухпозиционных пассивных систем воздушного базирования. Приведены методы ортогонального и градиентного управления позициями, алгоритмы оценивания местоположения источников радиоизлучения на основе линейных и нелинейных методов фильтрации и алгоритмы отождествления пеленгов. В приложении рассмотрены методы и алгоритмы углового оценивания со сверхразрешением. Представленный материал основан на последних достижениях науки и техники. Для научных работников и инженеров, а также преподавателей, аспирантов и студентов высших учебных заведений | ||
| 606 | 1 |
_aРадиолокация _xПрименение в военном деле _92160247 _3RU\NLR\AUTH\661300125 |
|
| 606 | 1 |
_aРадиолокационные станции обнаружения целей _92119725 _3RU\NLR\AUTH\661583758 |
|
| 675 |
_a621.396.96 _v4 |
||
| 686 |
_a32.95 _2rubbks |
||
| 686 | 1 | _aЦ571.432-1с116 | |
| 701 | 1 |
_7ca _8rus _aЧернов _bВ. С. _cканд. техн. наук _gВалим Саматович _968416 _3RU\NLR\AUTH\7785488 |
|
| 701 | 1 |
_aВерба _bВ. С. _f1954- _gВладимир Степанович |
|
| 701 | 1 |
_7ca _8rus _aМеркулов _bВ. И. _cд-р техн. наук, радиоуправление _f1941- _gВладимир Иванович _9188007 _3RU\NLR\AUTH\770188058 |
|
| 702 | 1 |
_aВерба _bВ. С. _f1954- _gВладимир Степанович _4340 |
|
| 942 | _cBOOK | ||
| 980 | _aNB | ||